[Event "Vojvodina-chT"]
[Site "Novi Sad"]
[Date "2015.11.12"]
[Round "3.6"]
[White "Milurovic, Uros"]
[Black "Petrovic, Vladan"]
[Result "1/2-1/2"]
[WhiteElo "2099"]
[BlackElo "1960"]
[PlyCount "33"]
[EventDate "2015.11.10"]
[EventType "team-tourn"]
[EventRounds "9"]
[EventCountry "SRB"]
[SourceTitle "CBM 169 Extra"]
[Source "ChessBase"]
[SourceDate "2015.12.18"]
[SourceVersion "1"]
[SourceVersionDate "2015.12.18"]
[SourceQuality "1"]
[WhiteTeam "Backa Pacir"]
[BlackTeam "Novo Selo Bora Ivkov"]
[WhiteTeamCountry "SRB"]
[BlackTeamCountry "SRB"]

1. Nf3 d5 2. d4 Nf6 3. Bg5 c6 4. c3 h6 5. Bh4 Bf5 6. e3 Nbd7 7. Bd3 Bxd3 8. Qxd3 e6 9. Nbd2 Qc7 10. 0-0 Bd6 11. c4 b6 12. e4 dxe4 13. Nxe4 Nxe4 14. Qxe4 g5 15. Bg3 Nf6 16. Qe2 0-0 17. Ne5 1/2-1/2

[Event "CRO-chT2 Ost"]
[Site "Croatia"]
[Date "2015.10.18"]
[Round "9.13"]
[White "Milurovic, Uros"]
[Black "Miletic, Josip"]
[Result "1/2-1/2"]
[WhiteElo "2101"]
[BlackElo "2175"]
[PlyCount "38"]
[EventDate "2015.04.25"]
[EventType "team-tourn"]
[EventRounds "11"]
[EventCountry "CRO"]
[SourceTitle "EXT 2016"]
[Source "ChessBase"]
[SourceDate "2015.10.08"]
[SourceVersion "1"]
[SourceVersionDate "2015.10.08"]
[SourceQuality "1"]

1. d4 d5 2. Nf3 Nf6 3. c4 c6 4. Nc3 e6 5. cxd5 exd5 6. Bg5 Be7 7. Qc2 0-0 8. e3 Nbd7 9. Bd3 Re8 10. 0-0 Nf8 11. a3 h6 12. Bh4 N6d7 13. Bxe7 Qxe7 14. b4 Ne6 15. Bf5 Nef8 16. Bd3 Ne6 17. Bf5 Nef8 18. Bd3 Ne6 19. Bf5 Nef8 1/2-1/2

[Event "CRO-chT2 Ost"]
[Site "Croatia"]
[Date "2015.10.17"]
[Round "8.62"]
[White "Milurovic, Uros"]
[Black "Cajzler, Hinko"]
[Result "0-1"]
[WhiteElo "2101"]
[BlackElo "2135"]
[PlyCount "134"]
[EventDate "2015.04.25"]
[EventType "team-tourn"]
[EventRounds "11"]
[EventCountry "CRO"]
[SourceTitle "EXT 2016"]
[Source "ChessBase"]
[SourceDate "2015.10.08"]
[SourceVersion "1"]
[SourceVersionDate "2015.10.08"]
[SourceQuality "1"]

1. Nf3 d5 2. c4 c6 3. g3 Nf6 4. Bg2 Bf5 5. b3 e6 6. Bb2 Be7 7. 0-0 h6 8. d3 0-0 9. Nbd2 Nbd7 10. Qc2 a5 11. a3 Re8 12. Rad1 Qb6 13. h3 Bh7 14. Kh2 Bf8 15. Qb1 e5 16. cxd5 cxd5 17. Qa1 e4 18. dxe4 dxe4 19. Ne5 Nxe5 20. Bxe5 Nd7 21. Bd4 Qa6 22. Rfe1 Nc5 23. Rc1 Rac8 24. Qb2 Bg6 25. Nc4 a4 26. bxa4 Nxa4 27. Qa2 Bf5 28. Ne3 Be6 29. Qb1 f5 30. Nc2 Nc3 31. Qb2 Nb5 32. Be5 Nxa3 33. Nxa3 Bxa3 34. Rxc8 Rxc8 35. Qa1 Bf8 36. Qb2 b5 37. g4 b4 38. gxf5 Bxf5 39. Qd4 Qc6 40. f3 exf3 41. Bxf3 Qc5 42. Bd5+ Kh7 43. Be4 Bxe4 44. Qxe4+ Kg8 45. Qf4 Re8 46. Bd4 Qd6 47. Kg3 b3 48. Qxd6 Bxd6+ 49. Kf3 Ba3 50. Rg1 Re7 51. e4 b2 52. Rb1 Rc7 53. Bxb2 Rb7 54. Bxa3 Rxb1 55. Bc5 Rb3+ 56. Kg4 Kf7 57. h4 Kf6 58. Kf4 h5 59. Bd6 Ke6 60. Bc7 Rb2 61. Kf3 Rb3+ 62. Kf4 Rb7 63. Ba5 Rb1 64. Bc3 Rg1 65. Kf3 Rg4 66. Be1 Ke5 67. Bc3+ Kd6 0-1

[Event "CRO-chT2 Ost"]
[Site "Croatia"]
[Date "2015.04.26"]
[Round "3.43"]
[White "Milurovic, Uros"]
[Black "Mesko, Andrej"]
[Result "1/2-1/2"]
[WhiteElo "2094"]
[BlackElo "1975"]
[PlyCount "74"]
[EventDate "2015.04.25"]
[EventType "team-tourn"]
[EventRounds "11"]
[EventCountry "CRO"]
[SourceTitle "EXT 2016"]
[Source "ChessBase"]
[SourceDate "2015.10.08"]
[SourceVersion "1"]
[SourceVersionDate "2015.10.08"]
[SourceQuality "1"]

1. Nf3 d5 2. g3 Nf6 3. Bg2 e6 4. c4 g6 5. b3 Bg7 6. Bb2 0-0 7. 0-0 c6 8. Qc2 Nbd7 9. d3 b6 10. Nbd2 Bb7 11. e4 dxe4 12. dxe4 Qc7 13. b4 c5 14. b5 a6 15. a4 Rfd8 16. Rfd1 Ng4 17. Bxg7 Kxg7 18. Nf1 Nde5 19. Nxe5 Nxe5 20. f4 Ng4 21. Qb2+ Kg8 22. h3 Nh6 23. Ne3 Rxd1+ 24. Rxd1 Rd8 25. Rxd8+ Qxd8 26. Qe5 Kf8 27. Kh2 Ng8 28. Ng4 h5 29. Ne3 Bc8 30. Qb8 a5 31. f5 Ke7 32. fxg6 fxg6 33. Qe5 Kf7 34. Qf4+ Kg7 35. Qb8 Kf7 36. Qf4+ Kg7 37. Qb8 Kf7 1/2-1/2

[Event "Vojvodina-chT 2nd League"]
[Site "Stari Banovci"]
[Date "2013.11.07"]
[Round "5"]
[White "Milurovic, Uros"]
[Black "Besedes, Danilo"]
[Result "1/2-1/2"]
[WhiteElo "2082"]
[BlackElo "1974"]
[PlyCount "28"]
[EventDate "2013.11.03"]
[EventType "team-tourn"]
[EventRounds "11"]
[EventCountry "SRB"]
[SourceTitle "EXT 2015"]
[Source "ChessBase"]
[SourceDate "2014.11.20"]
[SourceVersion "1"]
[SourceVersionDate "2014.11.20"]
[SourceQuality "1"]

1. d4 Nf6 2. Bg5 Ne4 3. Bf4 d5 4. Nd2 Nxd2 5. Qxd2 Bf5 6. e3 Nd7 7. Bd3 Bg6 8. Nf3 e6 9. Ne5 Be7 10. c3 c6 11. 0-0 Nxe5 12. Bxe5 Bxd3 13. Qxd3 Bf6 14. Bg3 Bh4 1/2-1/2

[Event "SRB-chT2 Vojvodina League"]
[Site "Kac"]
[Date "2012.10.21"]
[Round "11"]
[White "Jacimovic, Zoran"]
[Black "Milurovic, Uros"]
[Result "1/2-1/2"]
[WhiteElo "2168"]
[BlackElo "2095"]
[PlyCount "72"]
[EventDate "2012.10.14"]
[EventType "team-swiss"]
[EventRounds "11"]
[EventCountry "SRB"]
[SourceTitle "EXT 2015"]
[Source "ChessBase"]
[SourceDate "2014.11.20"]
[SourceVersion "1"]
[SourceVersionDate "2014.11.20"]
[SourceQuality "1"]

1. e4 c5 2. Nf3 Nc6 3. Bb5 e6 4. Bxc6 dxc6 5. Nc3 Ne7 6. 0-0 Ng6 7. e5 Be7 8. d3 0-0 9. Re1 b6 10. Ne4 h6 11. Qe2 Qc7 12. Ng3 Rd8 13. Qe4 Ba6 14. b3 b5 15. Qg4 c4 16. dxc4 Bb4 17. Bxh6 gxh6 18. Nh5 Be7 19. h4 Kh7 20. Nf6+ Bxf6 21. exf6 Qf4 22. Ng5+ hxg5 23. Qh5+ Kg8 24. hxg5 Qh4 25. Qf3 Qxg5 26. Qxc6 bxc4 27. Qxa6 cxb3 28. axb3 Qxf6 29. Re3 Rd2 30. Rf3 Qe5 31. g3 Qe4 32. Re3 Qxc2 33. Rae1 Rad8 34. Qa4 Qf5 35. Kg2 Rd1 36. Qxa7 Rxe1 1/2-1/2

[Event "SRB-chT2 Vojvodina League"]
[Site "Kac"]
[Date "2012.10.20"]
[Round "10"]
[White "Milurovic, Uros"]
[Black "Kostic, Branimir"]
[Result "1/2-1/2"]
[WhiteElo "2095"]
[BlackElo "2234"]
[PlyCount "51"]
[EventDate "2012.10.14"]
[EventType "team-swiss"]
[EventRounds "11"]
[EventCountry "SRB"]
[SourceTitle "EXT 2015"]
[Source "ChessBase"]
[SourceDate "2014.11.20"]
[SourceVersion "1"]
[SourceVersionDate "2014.11.20"]
[SourceQuality "1"]

1. d4 Nf6 2. Nf3 e6 3. Bg5 d5 4. e3 Nbd7 5. Ne5 Be7 6. Bd3 Nxe5 7. dxe5 Nd7 8. Bxe7 Qxe7 9. f4 b6 10. Nd2 Bb7 11. Qe2 f6 12. 0-0 fxe5 13. Qh5+ Qf7 14. Qxf7+ Kxf7 15. fxe5+ Ke7 16. Nf3 h6 17. Bg6 Rhf8 18. Rad1 c5 19. c3 Rad8 20. h4 Nb8 21. h5 a5 22. Rd2 Ba6 23. Re1 Rd7 24. Red1 Rdd8 25. Bc2 Rd7 26. Bg6 1/2-1/2

[Event "SRB-chT2 Vojvodina League"]
[Site "Kac"]
[Date "2012.10.17"]
[Round "6"]
[White "Marcak, Dejan"]
[Black "Milurovic, Uros"]
[Result "1-0"]
[WhiteElo "2152"]
[BlackElo "2095"]
[PlyCount "55"]
[EventDate "2012.10.14"]
[EventType "team-swiss"]
[EventRounds "11"]
[EventCountry "SRB"]
[SourceTitle "EXT 2015"]
[Source "ChessBase"]
[SourceDate "2014.11.20"]
[SourceVersion "1"]
[SourceVersionDate "2014.11.20"]
[SourceQuality "1"]

1. e4 c5 2. d4 cxd4 3. c3 dxc3 4. Nxc3 e6 5. Nf3 Nc6 6. Bc4 a6 7. 0-0 Nge7 8. Bg5 f6 9. Be3 Ng6 10. Qe2 b5 11. Bb3 Na5 12. Bc2 Nc6 13. Rfd1 Be7 14. Bb3 Qc7 15. Rac1 0-0 16. Nd5 Qb7 17. Nxe7+ Ncxe7 18. Bc5 Rf7 19. Bd6 Nc6 20. Rd2 Nge5 21. Nxe5 fxe5 22. Qe3 h6 23. Rdc2 Rf6 24. Rc5 Kh8 25. Rxe5 Nxe5 26. Bxe5 Kh7 27. Bxf6 gxf6 28. Qf4 1-0